[Event "HUN-chT2 Charousek 1314"]
[Site "Hungary"]
[Date "2013.09.08"]
[Round "1"]
[White "Matrahalmi, Tibor"]
[Black "Somlai, Laszlo"]
[Result "1/2-1/2"]
[WhiteElo "2308"]
[BlackElo "2353"]
[PlyCount "23"]
[EventDate "2013.09.08"]
[EventType "team-tourn"]
[EventRounds "11"]
[EventCountry "HUN"]
[SourceTitle "EXT 2016"]
[Source "ChessBase"]
[SourceDate "2015.10.08"]
[SourceVersion "1"]
[SourceVersionDate "2015.10.08"]
[SourceQuality "1"]
[WhiteTeam "Geniusz Tata"]
[BlackTeam "Budapest EAC"]
[WhiteTeamCountry "HUN"]
[BlackTeamCountry "HUN"]

1. e4 d5 2. exd5 Qxd5 3. Nc3 Qd6 4. g3 Nf6 5. Bg2 c6 6. Nf3 Bg4 7. h3 Bxf3 8. Qxf3 e6 9. 0-0 Be7 10. Ne4 Nxe4 11. Qxe4 Nd7 12. d4 1/2-1/2

[Event "HUN-chT 1213"]
[Site "Hungary"]
[Date "2013.03.03"]
[Round "8"]
[White "Toth, Ervin"]
[Black "Somlai, Laszlo"]
[Result "1-0"]
[WhiteElo "2473"]
[BlackElo "2353"]
[PlyCount "39"]
[EventDate "2012.09.16"]
[EventType "team-tourn"]
[EventRounds "9"]
[EventCountry "HUN"]
[SourceTitle "EXT 2014"]
[Source "ChessBase"]
[SourceDate "2013.11.20"]
[SourceVersion "1"]
[SourceVersionDate "2013.11.20"]
[SourceQuality "1"]
[WhiteTeam "Decs"]
[BlackTeam "BEAC"]
[WhiteTeamCountry "HUN"]
[BlackTeamCountry "HUN"]

1. d4 d5 2. c4 c6 3. Nc3 Nf6 4. e3 a6 5. Nf3 Bf5 6. Qb3 b5 7. cxd5 cxd5 8. a4 bxa4 9. Rxa4 Bd7 10. Ra1 e6 11. Ne5 Qc7 12. Bd2 Ra7 13. Nxd7 Nfxd7 14. Qa4 Rb7 15. Bxa6 Rxb2 16. Bb5 Bb4 17. 0-0 0-0 18. Nxd5 Nb6 19. Nxc7 Nxa4 20. Bxb4 1-0

[Event "HUN-chT 1213"]
[Site "Hungary"]
[Date "2013.01.27"]
[Round "6"]
[White "Seres, Lajos"]
[Black "Somlai, Laszlo"]
[Result "1/2-1/2"]
[WhiteElo "2453"]
[BlackElo "2353"]
[PlyCount "57"]
[EventDate "2012.09.16"]
[EventType "team-tourn"]
[EventRounds "9"]
[EventCountry "HUN"]
[SourceTitle "EXT 2014"]
[Source "ChessBase"]
[SourceDate "2013.11.20"]
[SourceVersion "1"]
[SourceVersionDate "2013.11.20"]
[SourceQuality "1"]
[WhiteTeam "Penzugyor"]
[BlackTeam "BEAC"]
[WhiteTeamCountry "HUN"]
[BlackTeamCountry "HUN"]

1. Nf3 d5 2. d4 Nf6 3. c4 c6 4. Nc3 a6 5. c5 Nbd7 6. Bf4 Nh5 7. e3 Nxf4 8. exf4 g6 9. Bd3 Bg7 10. 0-0 0-0 11. Re1 Re8 12. Qd2 Qc7 13. h4 Nf6 14. Ne5 Ng4 15. h5 Nh6 16. hxg6 hxg6 17. f3 Bf5 18. g4 Bxd3 19. Qxd3 e6 20. Kg2 Bxe5 21. fxe5 Kg7 22. Rh1 Rh8 23. Rh3 Rh7 24. Rah1 Rah8 25. b4 Ng8 26. Rxh7+ Rxh7 27. Rxh7+ Kxh7 28. a4 Kg7 29. Ne2 1/2-1/2

[Event "HUN-chT 1213"]
[Site "Hungary"]
[Date "2012.11.04"]
[Round "3"]
[White "Groszpeter, Attila"]
[Black "Somlai, Laszlo"]
[Result "1/2-1/2"]
[WhiteElo "2481"]
[BlackElo "2353"]
[PlyCount "54"]
[EventDate "2012.09.16"]
[EventType "team-tourn"]
[EventRounds "9"]
[EventCountry "HUN"]
[SourceTitle "EXT 2013"]
[Source "ChessBase"]
[SourceDate "2012.11.22"]
[SourceVersion "1"]
[SourceVersionDate "2012.11.22"]
[SourceQuality "1"]
[WhiteTeam "Paks"]
[BlackTeam "BEAC"]
[WhiteTeamCountry "HUN"]
[BlackTeamCountry "HUN"]

1. e4 d5 2. exd5 Qxd5 3. Nc3 Qd6 4. d4 Nf6 5. Nf3 c6 6. g3 Bg4 7. Bg2 e6 8. 0-0 Be7 9. h3 Bxf3 10. Bxf3 0-0 11. Ne2 Qd8 12. c4 Nbd7 13. Qc2 Re8 14. Rd1 Bf8 15. Be3 Qc8 16. Rac1 e5 17. d5 c5 18. d6 Re6 19. Nc3 Rxd6 20. Rxd6 Bxd6 21. Qb3 Nb6 22. a4 Qe6 23. Ne4 Nxe4 24. Bxe4 Rb8 25. a5 Nd7 26. Rd1 Nf6 27. Bg2 h6 1/2-1/2

[Event "HUN-chT2 Charousek 1112"]
[Site "Hungary"]
[Date "2012.05.20"]
[Round "11"]
[White "Somlai, Laszlo"]
[Black "Bartha, Sandor"]
[Result "1-0"]
[WhiteElo "2347"]
[BlackElo "2209"]
[PlyCount "51"]
[EventDate "2011.09.25"]
[EventType "team-tourn"]
[EventRounds "11"]
[EventCountry "HUN"]
[SourceTitle "EXT 2013"]
[Source "ChessBase"]
[SourceDate "2012.11.22"]
[SourceVersion "1"]
[SourceVersionDate "2012.11.22"]
[SourceQuality "1"]
[WhiteTeam "BEAC"]
[BlackTeam "Balatonfuered"]
[WhiteTeamCountry "HUN"]
[BlackTeamCountry "HUN"]

1. e4 c5 2. Nf3 d6 3. d4 cxd4 4. Nxd4 Nf6 5. Nc3 a6 6. Bg5 e6 7. f4 Be7 8. Qf3 Qc7 9. 0-0-0 Nbd7 10. g4 h6 11. Bh4 g5 12. e5 dxe5 13. fxg5 hxg5 14. Bg3 Qb6 15. Nb3 Qc6 16. Qe2 Qc7 17. Bg2 Ng8 18. Rxd7 Bxd7 19. Bxe5 Qb6 20. Bxh8 f6 21. h4 gxh4 22. g5 fxg5 23. Bd4 Qc7 24. Be5 Qb6 25. Qh5+ Kd8 26. Qh8 1-0

[Event "HUN-chT2 Charousek 1112"]
[Site "Hungary"]
[Date "2011.11.27"]
[Round "4"]
[White "Morvay, Miklos"]
[Black "Somlai, Laszlo"]
[Result "1/2-1/2"]
[WhiteElo "2215"]
[BlackElo "2347"]
[PlyCount "21"]
[EventDate "2011.09.25"]
[EventType "team-tourn"]
[EventRounds "11"]
[EventCountry "HUN"]
[SourceTitle "EXT 2013"]
[Source "ChessBase"]
[SourceDate "2012.11.22"]
[SourceVersion "1"]
[SourceVersionDate "2012.11.22"]
[SourceQuality "1"]
[WhiteTeam "Budapest MTK"]
[BlackTeam "BEAC"]
[WhiteTeamCountry "HUN"]
[BlackTeamCountry "HUN"]

1. e4 e6 2. d4 d5 3. Nc3 Nf6 4. Bg5 dxe4 5. Nxe4 Be7 6. Nxf6+ Bxf6 7. Bxf6 Qxf6 8. Nf3 Nd7 9. Bd3 0-0 10. Qe2 c5 11. Qe4 1/2-1/2

[Event "HUN-chT2 Charousek 1011"]
[Site "Hungary"]
[Date "2011.05.01"]
[Round "10"]
[White "Somlai, Laszlo"]
[Black "Rovid, Kalman"]
[Result "1/2-1/2"]
[WhiteElo "2348"]
[BlackElo "2266"]
[PlyCount "61"]
[EventDate "2010.09.12"]
[EventType "team-tourn"]
[EventRounds "11"]
[EventCountry "HUN"]
[SourceTitle "EXT 2012"]
[Source "ChessBase"]
[SourceDate "2011.11.24"]
[SourceVersion "1"]
[SourceVersionDate "2011.11.24"]
[SourceQuality "1"]
[WhiteTeam "BEAC"]
[BlackTeam "Haladas II"]
[WhiteTeamCountry "HUN"]
[BlackTeamCountry "HUN"]

1. e4 c5 2. Nf3 Nc6 3. Nc3 e5 4. Bc4 g6 5. d3 h6 6. a3 Bg7 7. b4 d6 8. 0-0 Nge7 9. b5 Nd4 10. Nxd4 cxd4 11. Nd5 Be6 12. Nxe7 Qxe7 13. Bxe6 Qxe6 14. Bd2 0-0 15. c4 dxc3 16. Bxc3 Rac8 17. Bb4 Rfd8 18. Rc1 h5 19. Qa4 Qd7 20. Rxc8 Rxc8 21. Qxa7 Qxb5 22. Bxd6 Rd8 23. Qc5 Qxd3 24. Bxe5 Qxe4 25. Bxg7 Kxg7 26. Qc3+ Qd4 27. Qxd4+ Rxd4 28. Rb1 Rd3 29. g3 Rxa3 30. Rxb7 Ra2 31. h4 1/2-1/2

[Event "HUN-chT2 Charousek 1011"]
[Site "Hungary"]
[Date "2011.04.17"]
[Round "9"]
[White "Krutti, Valer"]
[Black "Somlai, Laszlo"]
[Result "1-0"]
[WhiteElo "2380"]
[BlackElo "2348"]
[PlyCount "77"]
[EventDate "2010.09.12"]
[EventType "team-tourn"]
[EventRounds "11"]
[EventCountry "HUN"]
[SourceTitle "EXT 2012"]
[Source "ChessBase"]
[SourceDate "2011.11.24"]
[SourceVersion "1"]
[SourceVersionDate "2011.11.24"]
[SourceQuality "1"]
[WhiteTeam "Aquaprofit II"]
[BlackTeam "BEAC"]
[WhiteTeamCountry "HUN"]
[BlackTeamCountry "HUN"]

1. d4 d6 2. c4 e5 3. Nf3 Nd7 4. Nc3 Ngf6 5. Bg5 Be7 6. e3 0-0 7. Qc2 h6 8. Bh4 c6 9. Be2 Re8 10. 0-0 a6 11. Rfd1 Bf8 12. Rac1 g5 13. Bg3 e4 14. Nd2 d5 15. cxd5 cxd5 16. Qb3 Qa5 17. Qa4 Qxa4 18. Nxa4 Re6 19. Nb3 b6 20. Rc2 Bd6 21. Rdc1 Bb7 22. Bxd6 Rxd6 23. Rc7 Rb8 24. Nd2 Kg7 25. b4 Ne8 26. R7c2 f5 27. b5 a5 28. Nc5 bxc5 29. dxc5 Rf6 30. c6 Nb6 31. cxb7 Rxb7 32. Nb3 a4 33. Nd4 f4 34. Rc6 fxe3 35. fxe3 Nd7 36. Bh5 Rb8 37. Rc8 Rxc8 38. Rxc8 Nd6 39. Rc7 1-0

[Event "HUN-chT2 Charousek 1011"]
[Site "Hungary"]
[Date "2011.03.27"]
[Round "7"]
[White "Somlai, Laszlo"]
[Black "Paszler, Jozsef"]
[Result "1-0"]
[WhiteElo "2348"]
[BlackElo "2218"]
[PlyCount "46"]
[EventDate "2010.09.12"]
[EventType "team-tourn"]
[EventRounds "11"]
[EventCountry "HUN"]
[SourceTitle "EXT 2012"]
[Source "ChessBase"]
[SourceDate "2011.11.24"]
[SourceVersion "1"]
[SourceVersionDate "2011.11.24"]
[SourceQuality "1"]
[WhiteTeam "BEAC"]
[BlackTeam "Decs II"]
[WhiteTeamCountry "HUN"]
[BlackTeamCountry "HUN"]

1. e4 c5 2. Nf3 d6 3. d4 cxd4 4. Nxd4 Nf6 5. f3 e5 6. Nb3 Be6 7. c4 Qc7 8. Bg5 Nbd7 9. Nc3 Be7 10. Rc1 Qb6 11. Qd2 Nc5 12. Nxc5 dxc5 13. Nd5 Qd8 14. Be3 b6 15. Be2 0-0 16. 0-0 Re8 17. h3 Rc8 18. b4 Rc6 19. Bd1 Rc8 20. Ba4 Bxd5 21. Bxe8 Be6 22. Bb5 Qxd2 23. Bxd2 Rd8 1-0

[Event "HUN-chT2 Charousek 1011"]
[Site "Hungary"]
[Date "2010.10.24"]
[Round "4"]
[White "Dobos, Jozsef"]
[Black "Somlai, Laszlo"]
[Result "1/2-1/2"]
[WhiteElo "2274"]
[BlackElo "2348"]
[PlyCount "62"]
[EventDate "2010.09.12"]
[EventType "team-tourn"]
[EventRounds "11"]
[EventCountry "HUN"]
[SourceTitle "EXT 2012"]
[Source "ChessBase"]
[SourceDate "2011.11.24"]
[SourceVersion "1"]
[SourceVersionDate "2011.11.24"]
[SourceQuality "1"]
[WhiteTeam "Csuti II"]
[BlackTeam "BEAC"]
[WhiteTeamCountry "HUN"]
[BlackTeamCountry "HUN"]

1. d4 d5 2. c4 c6 3. Nc3 Nf6 4. e3 a6 5. Qc2 b5 6. b3 g6 7. Bd3 Bg7 8. Nf3 0-0 9. 0-0 Be6 10. Ne5 Nfd7 11. cxd5 cxd5 12. f4 Nxe5 13. fxe5 Nc6 14. Qe2 Rc8 15. Bd2 Qb6 16. Rac1 f6 17. exf6 Rxf6 18. Rxf6 exf6 19. Qf3 Ne7 20. Ne2 Rxc1+ 21. Nxc1 f5 22. b4 Nc8 23. Nb3 Nd6 24. Nc5 Ne4 25. Be1 Bc8 26. Bc2 Nxc5 27. bxc5 Qc6 28. Bb3 Bb7 29. Kf1 h5 30. e4 fxe4 31. Qxe4 Kh7 1/2-1/2

[Event "HUN-chT2 Maroczy 0506"]
[Site "Hungary"]
[Date "2005.11.27"]
[Round "4"]
[White "Somlai, Laszlo"]
[Black "Szeberenyi, Adam"]
[Result "1/2-1/2"]
[WhiteElo "2360"]
[BlackElo "2395"]
[PlyCount "32"]
[EventDate "2005.10.16"]
[EventType "team"]
[EventRounds "11"]
[EventCountry "HUN"]
[SourceTitle "EXT 2009"]
[Source "ChessBase"]
[SourceDate "2008.11.26"]
[SourceVersion "1"]
[SourceVersionDate "2008.11.26"]
[SourceQuality "1"]
[WhiteTeam "Vizugy"]
[BlackTeam "Miskolc EMSE"]
[WhiteTeamCountry "HUN"]
[BlackTeamCountry "HUN"]

1. Nc3 c5 2. Nf3 d6 3. d4 cxd4 4. Nxd4 Nf6 5. e4 a6 6. Bg5 e6 7. f4 Bd7 8. Qd2 Nc6 9. 0-0-0 Rc8 10. Nf3 Be7 11. Bxf6 gxf6 12. Kb1 h5 13. Bd3 b5 14. Ne2 Qa5 15. Ned4 Qxd2 16. Rxd2 Nxd4 1/2-1/2

[Event "HUN-chT 0001"]
[Site "Hungary"]
[Date "2001.01.21"]
[Round "5"]
[White "Horvath, Csaba"]
[Black "Somlai, Laszlo"]
[Result "1-0"]
[WhiteElo "2513"]
[BlackElo "2358"]
[PlyCount "67"]
[EventDate "2000.11.26"]
[EventType "team"]
[EventRounds "11"]
[EventCountry "HUN"]
[SourceTitle "EXT 2009"]
[Source "ChessBase"]
[SourceDate "2008.11.26"]
[SourceVersion "1"]
[SourceVersionDate "2008.11.26"]
[SourceQuality "1"]
[WhiteTeam "Csuti"]
[BlackTeam "Sarospatak"]
[WhiteTeamCountry "HUN"]
[BlackTeamCountry "HUN"]

1. c4 f5 2. Nc3 Nf6 3. g3 g6 4. Bg2 Bg7 5. d4 d6 6. Nf3 0-0 7. 0-0 Nc6 8. d5 Ne5 9. Nxe5 dxe5 10. Qb3 h6 11. c5 Kh8 12. Rd1 g5 13. Bd2 e4 14. Rac1 a6 15. Be1 Qe8 16. d6 exd6 17. cxd6 cxd6 18. Rxd6 b5 19. Nd5 Qe5 20. Rxf6 Rxf6 21. Bc3 Qd6 22. Nxf6 Bxf6 23. Bxf6+ Qxf6 24. Qd5 Rb8 25. Rc6 Bb7 26. Rxf6 Bxd5 27. Rxf5 Rd8 28. Rf6 a5 29. Rxh6+ Kg7 30. Rb6 Bxa2 31. Bxe4 b4 32. Bd3 b3 33. Rg6+ Kf7 34. Ra6 1-0

[Event "HUN-chT 0001"]
[Site "Hungary"]
[Date "2001.01.20"]
[Round "6"]
[White "Markus, Robert"]
[Black "Somlai, Laszlo"]
[Result "1/2-1/2"]
[WhiteElo "2465"]
[BlackElo "2358"]
[PlyCount "59"]
[EventDate "2000.11.26"]
[EventType "team"]
[EventRounds "11"]
[EventCountry "HUN"]
[SourceTitle "EXT 2009"]
[Source "ChessBase"]
[SourceDate "2008.11.26"]
[SourceVersion "1"]
[SourceVersionDate "2008.11.26"]
[SourceQuality "1"]
[WhiteTeam "Statisztika"]
[BlackTeam "Sarospatak"]
[WhiteTeamCountry "HUN"]
[BlackTeamCountry "HUN"]

1. d4 f5 2. g3 Nf6 3. Bg2 g6 4. c4 Bg7 5. Nc3 0-0 6. Nh3 d6 7. d5 c6 8. Nf4 e5 9. dxe6 Qe7 10. 0-0 Bxe6 11. Nxe6 Qxe6 12. Qb3 Rf7 13. Rd1 Na6 14. Bf4 Nc5 15. Qc2 Rd8 16. Be3 Qxc4 17. b3 Qb4 18. Rd4 Qa3 19. Rad1 Nfe4 20. Nb1 Qa6 21. Rc4 Re8 22. Bxc5 Nxc5 23. Rxd6 Rd7 24. Rd2 Rxd2 25. Nxd2 Ne6 26. Nf3 Qb6 27. e3 Bf6 28. h4 Kg7 29. h5 Ng5 30. Nxg5 1/2-1/2

[Event "HUN-chT 9899"]
[Site "Hungary"]
[Date "1999.??.??"]
[Round "?"]
[White "Somlai, Laszlo"]
[Black "Nguyen, Anh Dung"]
[Result "1-0"]
[WhiteElo "2335"]
[BlackElo "2495"]
[PlyCount "119"]
[EventDate "1998.??.??"]
[EventType "team"]
[EventRounds "12"]
[EventCountry "HUN"]
[SourceTitle "EXT 2000"]
[Source "ChessBase"]
[SourceDate "1999.11.16"]
[SourceVersion "1"]
[SourceVersionDate "1999.11.16"]
[SourceQuality "1"]

1. e4 c5 2. Nf3 d6 3. d4 cxd4 4. Nxd4 Nf6 5. f3 Nc6 6. c4 e6 7. Nc3 Be7 8. Be3 0-0 9. Be2 a6 10. 0-0 Qc7 11. Rc1 Nxd4 12. Bxd4 Bd7 13. Qe1 Rfc8 14. a4 Be8 15. Qg3 Nh5 16. Qg4 Nf6 17. Qg3 Qa5 18. f4 Rd8 19. b4 Qc7 20. a5 Qb8 21. e5 dxe5 22. Bxe5 Qa7+ 23. c5 Bc6 24. f5 exf5 25. Rxf5 Kf8 26. Rcf1 Rd7 27. Rxf6 gxf6 28. Rxf6 Bxc5+ 29. bxc5 Qxc5+ 30. Rf2 Ke8 31. Qg8+ Qf8 32. Qxh7 Qc5 33. Bg7 Re7 34. Bf6 Re6 35. Qg8+ Qf8 36. Qxf8+ Kxf8 37. h4 Kg8 38. Kh2 Rf8 39. h5 Kh7 40. g4 Rfe8 41. g5 Rd6 42. Bd1 Re3 43. Bc2+ Kg8 44. h6 Rxf6 45. gxf6 Rxc3 46. Rd2 Bd5 47. Bf5 Rc5 48. Rd3 Kh8 49. h7 Rxa5 50. Rg3 Ra2+ 51. Kh3 Rg2 52. Rd3 Re2 53. Rxd5 Re8 54. Rd7 Rf8 55. Rxb7 a5 56. Ra7 a4 57. Be4 Rd8 58. Kg4 a3 59. Rxa3 Re8 60. Ra8 1-0

[Event "HUN-ch op"]
[Site "Pecs"]
[Date "1998.??.??"]
[Round "2"]
[White "Somlai, Laszlo"]
[Black "Horvath, Gyula"]
[Result "1/2-1/2"]
[WhiteElo "2340"]
[BlackElo "2465"]
[PlyCount "42"]
[EventDate "1998.??.??"]
[EventType "swiss"]
[EventRounds "9"]
[EventCountry "HUN"]
[SourceTitle "EXT 2000"]
[Source "ChessBase"]
[SourceDate "1999.11.16"]
[SourceVersion "1"]
[SourceVersionDate "1999.11.16"]
[SourceQuality "1"]

1. e4 Nc6 2. Nf3 g6 3. d4 Bg7 4. d5 Ne5 5. Nxe5 Bxe5 6. Bd3 c6 7. 0-0 d6 8. c4 Bg7 9. Nc3 Nf6 10. h3 0-0 11. Be3 Bd7 12. a4 Qa5 13. Qd2 Rfc8 14. Rfb1 cxd5 15. b4 Qd8 16. exd5 e6 17. Ra2 Nxd5 18. Nxd5 exd5 19. cxd5 Rc3 20. Rc2 Rxd3 21. Qxd3 Bf5 1/2-1/2

[Event "Pecs Suto op"]
[Site "Pecs"]
[Date "1997.??.??"]
[Round "?"]
[White "Gacso, Tibor"]
[Black "Somlai, Laszlo"]
[Result "0-1"]
[WhiteElo "2190"]
[BlackElo "2360"]
[PlyCount "72"]
[EventDate "1997.??.??"]
[EventType "swiss"]
[EventRounds "9"]
[EventCountry "HUN"]
[SourceTitle "EXT 2004"]
[Source "ChessBase"]
[SourceDate "2003.11.25"]
[SourceVersion "1"]
[SourceVersionDate "2003.11.25"]
[SourceQuality "1"]

1. d4 f5 2. e4 fxe4 3. Nc3 Nf6 4. Bg5 c6 5. f3 Qa5 6. Qd2 exf3 7. Nxf3 d6 8. Bd3 Bg4 9. 0-0 Nbd7 10. b4 Qc7 11. Bh4 Bxf3 12. Rxf3 0-0-0 13. Bf5 Kb8 14. b5 e5 15. bxc6 Qxc6 16. d5 Qc4 17. Bf2 Nc5 18. Rb1 e4 19. Rh3 g6 20. Qd4 Qxd4 21. Bxd4 Bg7 22. Bxe4 Rhe8 23. Bd3 Re7 24. Rf1 Ng4 25. Bxg7 Rxg7 26. Rg3 Ne5 27. Be2 a6 28. Rf6 Kc7 29. h4 b5 30. a3 Rdd7 31. Bxb5 axb5 32. Nxb5+ Kd8 33. Nxd6 Ke7 34. Re6+ Nxe6 35. Nc8+ Kd8 36. dxe6 Rd1+ 0-1

[Event "Papp Bela Memorial"]
[Site "Budapest"]
[Date "1997.??.??"]
[Round "?"]
[White "Gyimesi, Zoltan"]
[Black "Somlai, Laszlo"]
[Result "1/2-1/2"]
[WhiteElo "2500"]
[BlackElo "2360"]
[PlyCount "108"]
[EventDate "1997.??.??"]
[EventType "swiss"]
[EventRounds "11"]
[EventCountry "HUN"]
[SourceTitle "EXT 2002"]
[Source "ChessBase"]
[SourceDate "2001.11.25"]
[SourceVersion "1"]
[SourceVersionDate "2001.11.25"]
[SourceQuality "1"]

1. d4 d6 2. e4 Nf6 3. Nc3 e5 4. Nf3 Nbd7 5. Bc4 Be7 6. 0-0 0-0 7. Re1 c6 8. a4 a5 9. d5 Nb6 10. Bb3 cxd5 11. Nxd5 Nbxd5 12. Bxd5 Nxd5 13. Qxd5 Qc7 14. Qd3 Be6 15. b3 f5 16. c4 Qc6 17. Ba3 Rad8 18. Rad1 fxe4 19. Qxe4 Qb6 20. Qe3 Qxe3 21. Rxe3 Bg4 22. Rd5 Bxf3 23. gxf3 b6 24. Red3 Rf6 25. Bc1 Re6 26. Be3 Rb8 27. Rb5 Bd8 28. b4 axb4 29. Rb3 Ra8 30. R3xb4 e4 31. fxe4 Rxe4 32. Bxb6 Re1+ 33. Kg2 Bxb6 34. Rxb6 Ra1 35. Rxd6 R1xa4 36. Rxa4 Rxa4 37. c5 Kf7 38. Rd7+ Kf6 39. c6 Rc4 40. c7 h5 41. h4 g5 42. Rd6+ Ke5 43. Rh6 gxh4 44. Rxh5+ Kd6 45. Rh7 Ke5 46. Kh3 Kf5 47. Kg2 Kg4 48. Re7 h3+ 49. Kh2 Rc2 50. Rg7+ Kh4 51. Rh7+ Kg4 52. Rf7 Kh4 53. Kg1 Rc1+ 54. Kh2 Rc2 1/2-1/2

[Event "Tavasz"]
[Site "Kecskemet"]
[Date "1997.??.??"]
[Round "2"]
[White "Jakubiec, Artur"]
[Black "Somlai, Laszlo"]
[Result "0-1"]
[WhiteElo "2455"]
[BlackElo "2360"]
[PlyCount "94"]
[EventDate "1997.04.??"]
[EventType "tourn"]
[EventRounds "9"]
[EventCountry "HUN"]
[EventCategory "7"]
[SourceTitle "CBM 058 Extra"]
[Source "ChessBase"]
[SourceDate "1997.07.29"]
[SourceVersion "1"]
[SourceVersionDate "1997.07.29"]
[SourceQuality "1"]

1. d4 d5 2. Nc3 e6 3. e4 Nf6 4. Bg5 dxe4 5. Nxe4 Be7 6. Bxf6 gxf6 7. g3 f5 8. Nc3 Bf6 9. Nge2 Nc6 10. d5 Ne5 11. Bg2 c6 12. dxc6 Qxd1+ 13. Rxd1 Nxc6 14. Nb5 Ke7 15. c3 a6 16. Na3 Bd7 17. Nc4 Rhd8 18. Nb6 Rab8 19. 0-0 Be8 20. Nf4 Rxd1 21. Rxd1 Rd8 22. Rxd8 Kxd8 23. Nc4 Kc7 24. Nd3 Be7 25. Ne3 Bd6 26. Nc4 Be7 27. Bf3 f6 28. Nf4 Bd7 29. Bh5 Ne5 30. Ne3 Bc5 31. Nc2 Kd6 32. Be2 Ba4 33. b3 Bc6 34. b4 Ba7 35. c4 Ng6 36. Nd3 e5 37. Ne3 Ke6 38. Kf1 Be4 39. Ke1 f4 40. gxf4 exf4 41. Nd1 f3 42. Bf1 Ne5 43. Bh3+ Kd6 44. c5+ Kd5 45. N3b2 Kd4 46. Bc8 Bb8 47. Ne3 Kc3 0-1

[Event "Budapest FS03 IM-A"]
[Site "Budapest"]
[Date "1997.??.??"]
[Round "6"]
[White "Mashinskaya, Iulia"]
[Black "Somlai, Laszlo"]
[Result "0-1"]
[WhiteElo "2240"]
[BlackElo "2360"]
[PlyCount "68"]
[EventDate "1997.03.??"]
[EventType "tourn"]
[EventRounds "11"]
[EventCountry "HUN"]
[EventCategory "3"]
[SourceTitle "CBM 057 Extra"]
[Source "ChessBase"]
[SourceDate "1997.05.01"]
[SourceVersion "1"]
[SourceVersionDate "1997.05.01"]
[SourceQuality "1"]

1. e4 e6 2. d4 d5 3. e5 c5 4. c3 Nc6 5. Nf3 Qb6 6. Be2 Nh6 7. Na3 cxd4 8. Bxh6 gxh6 9. cxd4 Qa5+ 10. Kf1 Bg7 11. h4 0-0 12. Rh3 f6 13. exf6 Rxf6 14. Rg3 Bd7 15. Nc2 Raf8 16. a3 Qb6 17. b4 Kh8 18. Qd2 e5 19. Ne3 Be6 20. dxe5 Nxe5 21. Rd1 Nxf3 22. Rxf3 Rxf3 23. Bxf3 d4 24. Nc2 Bb3 25. Qd3 Ba4 26. Kg1 Qf6 27. Re1 Bc6 28. Rf1 Bxf3 29. Qxf3 Qxf3 30. gxf3 Rc8 31. Re1 Bf6 32. Re6 Kg7 33. Ne1 Kf7 34. Re4 Rc3 0-1

[Event "Tavasz"]
[Site "Kecskemet"]
[Date "1997.??.??"]
[Round "4"]
[White "Schnitzspan, Lothar"]
[Black "Somlai, Laszlo"]
[Result "0-1"]
[WhiteElo "2330"]
[BlackElo "2360"]
[PlyCount "66"]
[EventDate "1997.04.??"]
[EventType "tourn"]
[EventRounds "9"]
[EventCountry "HUN"]
[EventCategory "7"]
[SourceTitle "CBM 058 Extra"]
[Source "ChessBase"]
[SourceDate "1997.07.29"]
[SourceVersion "1"]
[SourceVersionDate "1997.07.29"]
[SourceQuality "1"]

1. Nf3 f5 2. c4 Nf6 3. g3 g6 4. Bg2 Bg7 5. Nc3 0-0 6. 0-0 d6 7. Rb1 e5 8. d3 a5 9. a3 h6 10. b4 axb4 11. axb4 g5 12. e3 Nc6 13. b5 Ne7 14. c5 Ng6 15. cxd6 cxd6 16. Qb3+ Kh7 17. Nd2 g4 18. Re1 f4 19. exf4 exf4 20. Nde4 fxg3 21. hxg3 Nxe4 22. Nxe4 d5 23. Nc5 Qf6 24. Be3 d4 25. Ne4 Qf5 26. Bc1 Ne5 27. Re2 Nf3+ 28. Kf1 Qh5 29. Rc2 Qh2 30. Bxf3 gxf3 31. Ke1 Bf5 32. Qd5 Bxe4 33. dxe4 Qg1+ 0-1

[Event "Budapest FS02 GM"]
[Site "Budapest"]
[Date "1997.??.??"]
[Round "7"]
[White "Siegel, Georg"]
[Black "Somlai, Laszlo"]
[Result "1-0"]
[WhiteElo "2480"]
[BlackElo "2360"]
[PlyCount "87"]
[EventDate "1997.02.??"]
[EventType "tourn"]
[EventRounds "11"]
[EventCountry "HUN"]
[EventCategory "7"]
[SourceTitle "CBM 056 Extra"]
[Source "ChessBase"]
[SourceDate "1997.03.01"]
[SourceVersion "1"]
[SourceVersionDate "1997.03.01"]
[SourceQuality "1"]

1. d4 d5 2. c4 c6 3. Nf3 Nf6 4. Nc3 e6 5. e3 Nbd7 6. Qc2 Bd6 7. Bd3 0-0 8. 0-0 dxc4 9. Bxc4 b5 10. Be2 Bb7 11. Rd1 Qc7 12. Bd2 Rfc8 13. Rac1 a6 14. Qb1 Qd8 15. a4 Qe7 16. Ng5 h6 17. Nge4 Nxe4 18. Nxe4 bxa4 19. Nxd6 Qxd6 20. Bc3 Qe7 21. Qa1 c5 22. Qxa4 cxd4 23. Qxd4 Nf6 24. f3 Rd8 25. Qe5 Rxd1+ 26. Rxd1 Rd8 27. Ra1 Qd6 28. Qa5 Nd5 29. Rd1 Rc8 30. e4 Qb6+ 31. Qxb6 Nxb6 32. Rd6 Na4 33. Bd4 Kf8 34. Kf2 Ke7 35. e5 Rc2 36. Ke3 Bd5 37. Bd1 Rc4 38. b3 Rc1 39. Kd2 Rxd1+ 40. Kxd1 Bxb3+ 41. Kd2 Bc4 42. Rc6 Bb5 43. Rc7+ Kf8 44. Kc2 1-0